Městské komunikace

Uložené v:
Podrobná bibliografia
Hlavný autor: Pavlíček, Jan (Autor)
Médium: Kniha
Jazyk:Czech
Vydavateľské údaje: Brno : Vysoké učení technické v Brně, 1988
Tagy: Pridať tag
Žiadne tagy, Buďte prvý, kto otaguje tento záznam!

MARC

LEADER 00000nam a22000003a 4500
001 stu83246
005 20150617225637.9
008 040121s1988----cs------------------cze-d
040 |a STU  |b slo 
041 0 |a cze 
044 |a cs 
080 |a 625.7/.8 
100 1 |a Pavlíček, Jan  |4 aut 
245 1 |a Městské komunikace 
260 |a Brno :  |b Vysoké učení technické v Brně,  |c 1988 
300 |a 268 s.;obr.,tab.,schémy 
996 |b 284V012712  |c V*40662/S-04  |l VVT  |s A  |a 24  |w stu83246_0001 
996 |b 284V012713  |c V*40661/S-04  |l VVT  |s A  |a 24  |w stu83246_0002